00761nam a22001817a 4500003000900000005001700009008004100026040002500067082001500092110004700107245020800154260006300362300001900425910000800444942001400452952009600466999001700562DO-SdBNP20220119085944.0220119b1982 ||||| |||| 00| 0 spa d aDO-SdBNPbspacBNPHU axxxbS678v aSociedad Dominicana de Bibliofilos.934803 aVersión en castellano de la conferencia ofrecida por Gustavo A. Tavares E., vice-presidente de la Sociedad Dominicana de Bibliofilos inc. en la... :bun programa fascinante de publicaciones caribeñas aSanto Domingo :bSociedad Dominicana de Bibliofilos,c1982 a13 p. ;c23 cm aD/G 2ddccLBS1 00102ddc51708MOaBNPHUbPDcCTl0oF-xxx S678vp2022-0149r2022-01-19w2022-01-19yLBS1 c51192d51192